书目信息 |
| 题名: |
热应力与热疲劳
|
|
| 作者: | 平修二 编 ;郭廷玮 , 李安定 译 | |
| 分册: | ||
| 出版信息: | 北京 国防工业出版社 1984 |
|
| 页数: | 322页 | |
| 开本: | 19cm | |
| 丛书名: | ||
| 单 册: | ||
| 中图分类: | TK122 , O343.6 | |
| 科图分类: | ||
| 主题词: | 热应力 , 热疲劳 , 固体力学 | |
| 电子资源: | ||
| ISBN: | ||
| 000 | 00814nam0 2200301 45 | |
| 001 | 0184016257 | |
| 005 | 20040920083708.2 | |
| 010 | @dCNY1.30 | |
| 091 | @a15034.2697 | |
| 100 | @a19950619d1984 em y0chiy0121 ea | |
| 101 | 1 | @achi@cjpn |
| 102 | @aCN@b110000 | |
| 105 | @ay z 000yy | |
| 106 | @ar | |
| 200 | 10 | @a热应力与热疲劳@Are ying li yu re pi lao@e基础理论与设计应用@f(日)平修二主编@g郭廷玮,李安定译 |
| 210 | @a北京@c国防工业出版社@d1984 | |
| 215 | @a322页@d19cm | |
| 606 | @a热应力 | |
| 606 | @a热疲劳 | |
| 606 | 0 | @a固体力学 |
| 690 | @aTK122@v3 | |
| 690 | @aO343.6 | |
| 701 | 0 | @a平修二@Aping xiu er@4编 |
| 702 | 0 | @a郭廷玮@Aguo ting wei@4译 |
| 702 | 0 | @a李安定@Ali an ding@4译 |
| 801 | 0 | @aCN@b上海图书馆@c20040920 |
| 801 | 2 | @aCN@bNLC@c20040920 |
| 905 | @f1@b125510@dO343.6@e17 | |
| 热应力与热疲劳:基础理论与设计应用/(日)平修二主编/郭廷玮,李安定译.-北京:国防工业出版社,1984 |
| 322页;19cm |
| ISBN :CNY1.30 |
| ● |
| 相关链接 |
|
|
|
|
正题名:热应力与热疲劳
索取号:O343.6/17
 
预约/预借
| 序号 | 登录号 | 条形码 | 馆藏地/架位号 | 状态 | 备注 |
| 1 | 0004917 | 000385014 | 第二样本阅览室/ [索取号:O343.6/17] | 在馆 | |
| 2 | 0125510 | 001960505 | 第三借阅区/ [索取号:O343.6/17] | 在馆 | |
| 3 | 0125511 | 000385513 | 第三借阅区/ [索取号:O343.6/17] | 在馆 |